[Event "ICS rated blitz match"]
[Site "204.178.125.65"]
[Date "1999.09.20"]
[Round "?"]
[White "Hossa"]
[Black "Gilles"]
[Result "1-0"]
[WhiteElo "2404"]
[BlackElo "2221"]
[PlyCount "65"]
[EventDate "1999.??.??"]

1. d4 d5 2. c4 e6 3. Nc3 c6 4. e4 dxe4 5. Nxe4 Bb4+ 6. Nc3 c5 7. a3 Ba5 8. Be3
cxd4 9. Qxd4 Qxd4 10. Bxd4 f6 11. b4 Bd8 12. Nb5 Nc6 13. Nd6+ Kd7 14. Nf7 Nxd4
15. O-O-O e5 16. Ne2 Ke8 17. Nxh8 Nxe2+ 18. Bxe2 Be6 19. c5 Be7 20. Bf3 Rb8 21.
Be4 f5 22. Bd5 Bxd5 23. Rxd5 Bf6 24. Re1 Ne7 25. Rd6 e4 26. Red1 Be5 27. Re6
Bxh2 28. g3 f4 29. Rxe4 fxg3 30. fxg3 Bxg3 31. Rg1 Kd7 32. Rxg3 Rxh8 33. Rd3+ {
Gilles resigns} 1-0

[Event "ICS rated blitz match"]
[Site "204.178.125.65"]
[Date "1999.10.04"]
[Round "?"]
[White "Hossa"]
[Black "GreatPatzer"]
[Result "0-1"]
[WhiteElo "2381"]
[BlackElo "2227"]
[PlyCount "148"]
[EventDate "1999.??.??"]

1. Nf3 c5 2. e4 Nc6 3. Bb5 e6 4. O-O Nge7 5. Nc3 Nd4 6. Nxd4 cxd4 7. Ne2 a6 8.
Ba4 b5 9. Bb3 Bb7 10. d3 Nc6 11. a4 b4 12. Rb1 a5 13. c3 Bc5 14. cxd4 Nxd4 15.
Nxd4 Bxd4 16. Be3 Qb6 17. Qe2 O-O 18. Bxd4 Qxd4 19. Qe3 Qxe3 20. fxe3 Rac8 21.
Kf2 Rc5 22. Rbc1 Rfc8 23. Rxc5 Rxc5 24. h4 Kf8 25. g3 Ke7 26. g4 f6 27. Ke2 Rc7
28. Kd2 h6 29. Bc2 e5 30. Rc1 d6 31. d4 Bc8 32. Bd1 Rxc1 33. Kxc1 d5 34. exd5
exd4 35. exd4 Kd6 36. Bf3 Bb7 37. h5 Bxd5 38. Bd1 Be6 39. Kd2 Bd7 40. Ke3 f5
41. Kf4 fxg4 42. Bb3 Ke7 43. Bd1 Kf6 44. Bxg4 Bxa4 45. d5 Bb5 46. Bf3 a4 47. d6
Ke6 48. d7 Bxd7 49. Ke3 Ke5 50. Be2 Be6 51. Kd2 Kf4 52. Kd3 Kg5 53. Bf3 Bf7 54.
Bb7 Kxh5 55. Bc6 a3 56. bxa3 bxa3 57. Kc3 Kh4 58. Ba4 Kg3 59. Bd1 g5 60. Kc2 g4
61. Be2 h5 62. Bb5 h4 63. Bd7 h3 64. Bc6 Kf2 65. Kc3 g3 66. Kc2 g2 67. Kc3 g1=Q
68. Kb4 Qc1 69. Bb5 a2 70. Ka5 a1=Q+ 71. Kb6 Qd4+ 72. Kb7 Qcc5 73. Bc6 Qb6+ 74.
Kc8 74... Qdd8# {Hossa checkmated} 0-1

[Event "ICS rated blitz match"]
[Site "204.178.125.65"]
[Date "1999.09.13"]
[Round "?"]
[White "Hossa"]
[Black "Greb"]
[Result "1-0"]
[WhiteElo "2416"]
[BlackElo "2033"]
[PlyCount "43"]
[EventDate "1999.??.??"]

1. d4 d5 2. Bg5 h6 3. Bf4 Nc6 4. e3 g5 5. Bg3 Bg7 6. c4 e6 7. cxd5 exd5 8. Nc3
Nge7 9. Nb5 Kf8 10. Bxc7 Qd7 11. Bd6 a6 12. Bxe7+ Qxe7 13. Nc3 Nxd4 14. Bd3 Nc6
15. Nxd5 Qe5 16. Nc3 Be6 17. Nge2 Rd8 18. O-O h5 19. Rc1 Nb4 20. Nd4 Nxd3 21.
Qxd3 h4 22. Nxe6+ {Greb resigns} 1-0

[Event "ICS rated blitz match"]
[Site "204.178.125.65"]
[Date "1999.08.29"]
[Round "?"]
[White "Hossa"]
[Black "Gregorio"]
[Result "1/2-1/2"]
[WhiteElo "2508"]
[BlackElo "2560"]
[PlyCount "129"]
[EventDate "1999.??.??"]

1. d4 Nf6 2. f3 d5 3. e4 dxe4 4. Nc3 exf3 5. Nxf3 g6 6. Bc4 Bg7 7. Ne5 O-O 8.
O-O Nc6 9. Nxc6 bxc6 10. Be2 Rb8 11. Na4 Ne4 12. c3 Bf5 13. Bf3 Qd5 14. Re1
Rfd8 15. g4 e5 16. gxf5 gxf5 17. Nc5 exd4 18. Nxe4 fxe4 19. Bxe4 Qc5 20. Qg4
dxc3+ 21. Be3 Qe5 22. bxc3 h5 23. Qh4 Bf6 24. Qf4 Qxf4 25. Bxf4 Bxc3 26. Bxc7
Bxa1 27. Rxa1 Rb4 28. Bxd8 Rxe4 29. Kf2 c5 30. Rg1+ Kf8 31. Rg5 Rd4 32. Bc7
Rd2+ 33. Ke3 Rxa2 34. Rxh5 c4 35. Rc5 Ra4 36. Kd4 Ke7 37. Ra5 Rxa5 38. Bxa5 Kf6
39. Kxc4 Kg5 40. Kb5 Kg4 41. Be1 Kh3 42. Bg3 f5 43. Bb8 Kg4 44. Kc4 a5 45. Kb5
f4 46. Kc4 f3 47. Kd3 Kh3 48. Ke3 Kg2 49. Bg3 a4 50. Kd4 f2 51. Bxf2 a3 52. Be1
a2 53. Bc3 Kxh2 54. Ke4 Kg3 55. Be1+ Kg4 56. Bc3 Kg5 57. Bd2+ Kg6 58. Bc3 Kh6
59. Bd2+ Kh5 60. Bc3 Kg6 61. Bb2 Kf7 62. Ba1 Ke6 63. Bb2 Kd6 64. Ba1 Kc5 65.
Bb2 {Gregorio ran out of time and Hossa has no material to mate} 1/2-1/2

[Event "ICS rated blitz match"]
[Site "204.178.125.65"]
[Date "1999.08.29"]
[Round "?"]
[White "Hossa"]
[Black "Gregorio"]
[Result "0-1"]
[WhiteElo "2497"]
[BlackElo "2317"]
[PlyCount "75"]
[EventDate "1999.??.??"]

1. e4 c5 2. Nf3 d6 3. Bb5+ Bd7 4. Nc3 Bxb5 5. Nxb5 Nf6 6. Nc3 Nc6 7. d3 e6 8.
O-O Be7 9. Re1 O-O 10. Bf4 Qb6 11. b3 d5 12. exd5 Nxd5 13. Nxd5 exd5 14. Ne5
Nxe5 15. Bxe5 Rfe8 16. c4 Bf6 17. Bxf6 Qxf6 18. cxd5 Re5 19. b4 cxb4 20. Rb1
Rae8 21. Qd2 Rxe1+ 22. Rxe1 Rxe1+ 23. Qxe1 g6 24. g3 Qd6 25. Qe4 Kf8 26. d4 a5
27. Qe5 Qxe5 28. dxe5 a4 29. d6 b3 30. axb3 axb3 31. Kg2 b2 32. f4 b1=Q 33. h4
Qe4+ 34. Kf2 h5 35. d7 Ke7 36. e6 fxe6 37. f5 gxf5 38. Kg1 {Hossa resigns} 0-1

[Event "ICS rated blitz match"]
[Site "204.178.125.65"]
[Date "1999.09.25"]
[Round "?"]
[White "Hossa"]
[Black "Gruff"]
[Result "1-0"]
[WhiteElo "2459"]
[BlackElo "2203"]
[PlyCount "97"]
[EventDate "1999.??.??"]

1. e4 c6 2. Nc3 d5 3. Qf3 e6 4. d3 Nd7 5. Be3 Bd6 6. O-O-O Ngf6 7. d4 dxe4 8.
Nxe4 Nxe4 9. Qxe4 Nf6 10. Qh4 Qa5 11. Kb1 Bd7 12. Bd3 O-O-O 13. Nf3 h6 14. Ne5
Be8 15. Nc4 Qc7 16. Nxd6+ Qxd6 17. Rhe1 Nd5 18. Bd2 f5 19. Bg5 Rd7 20. Re2 Bf7
21. f3 Qf8 22. Bd2 g5 23. Qe1 Qg7 24. Re5 Rhd8 25. Ba5 Nb6 26. Bc3 Nd5 27. Bc4
Qf6 28. Ba5 Rg8 29. Qf2 h5 30. Rde1 g4 31. fxg4 hxg4 32. Bd2 Rh8 33. Bf4 Rhd8
34. Bg3 Qh6 35. Bxd5 Rxd5 36. Rxd5 Rxd5 37. c4 Rd7 38. Ka1 Qf6 39. Qf4 Kd8 40.
Qb8+ Ke7 41. Rf1 Be8 42. Be5 Qg5 43. Qxa7 Qd2 44. Qa3+ Kf7 45. Qg3 Qe2 46. Rc1
c5 47. Qh4 Rxd4 48. Qh7+ Kf8 49. Qg7# {Gruff checkmated} 1-0

[Event "ICS rated blitz match"]
[Site "204.178.125.65"]
[Date "1999.10.01"]
[Round "?"]
[White "Hossa"]
[Black "HLP"]
[Result "1-0"]
[WhiteElo "2326"]
[BlackElo "2287"]
[Annotator "Fritz 5.32 (20s)"]
[PlyCount "37"]
[EventDate "1999.??.??"]

1. e4 c5 2. Nf3 d6 3. d4 cxd4 4. Nxd4 Nf6 5. Nc3 a6 6. Bg5 e6 7. f4 Be7 8. Qf3
Qa5 9. O-O-O Bd7 10. e5 dxe5 11. fxe5 Nc6 12. Nf5 exf5 13. exf6 gxf6 14. Bf4
O-O-O 15. Rd5 $146 (15. Nd5 Be6 16. Bc4 Bd6 17. Bd2 Nb4 18. a3 Bxd5 19. Qxf5+
Kb8 20. Bxb4 Bxb4 21. Bxd5 Bc5 22. Qxf6 Rhe8 23. Qxf7 Re7 24. Qf3 Re3 25. Qf4+
Ka7 26. Kb1 Rf8 27. Qh4 Qb6 28. Bb3 Bxa3 29. Rhf1 29... Rxf1 {
Howell,J-James,D/Hastings 1995/CBM 48 ext/1-0 (48)}) 15... Qb6 $18 (15... Bc5
$5 $142 16. Bd6 16... Nd4 $16) 16. Na4 $1 {triumphiert. Droht Matt} 16... Qb4
17. Bb5 $3 {ein energisches Opfer} 17... Qa5 (17... Ne5 {
lenkt den Gegner vielleicht noch ab} 18. Nb6+ Kc7 19. Nxd7 Bd6 20. Rxd6 20...
Kxd6 $18 (20... Nxf3 $4 {Schwarz denkt nur an das Material} 21. Rd4+ Ne5 22.
Rxb4 Rxd7 23. Bxd7 Kxd7 24. Rxb7+ Kc6 25. Ra7 $18)) 18. Bxc6 Qxa4 (18... Bxc6 {
ist vielleicht noch ein Schwindelversuch} 19. Rxa5 19... Bd6 $18) 19. Bxb7+ $1
{die Entscheidung. . . . . .} (19. Bxb7+ Kxb7 20. Rb5+ Kc8 21. Qb7#) 1-0

[Event "ICS rated blitz match"]
[Site "204.178.125.65"]
[Date "1999.09.14"]
[Round "?"]
[White "Hossa"]
[Black "HaraldLdahl"]
[Result "1-0"]
[WhiteElo "2370"]
[BlackElo "2044"]
[PlyCount "58"]
[EventDate "1999.??.??"]

1. e4 Nf6 2. e5 Nd5 3. d4 d6 4. Nf3 Bg4 5. c4 Nb6 6. exd6 cxd6 7. Be2 g6 8. O-O
Bg7 9. h3 Bxf3 10. Bxf3 Nc6 11. Na3 O-O 12. Be3 d5 13. cxd5 Nxd5 14. Qb3 Nb6
15. Bxc6 bxc6 16. Rac1 Bxd4 17. Rxc6 Bxe3 18. fxe3 e6 19. Nb5 Nd5 20. e4 Nf6
21. Qa4 Nh5 22. Rf3 Qh4 23. Nxa7 Ng3 24. Re3 Rfd8 25. Rc1 Rd2 26. Qb4 Re2 27.
Re1 Rxe1+ 28. Qxe1 Rxa7 29. Rxg3 29... Rxa2 {HaraldLdahl resigns} 1-0

[Event "ICS rated blitz match"]
[Site "204.178.125.65"]
[Date "1999.09.14"]
[Round "?"]
[White "Hossa"]
[Black "HaraldLdahl"]
[Result "1-0"]
[WhiteElo "2379"]
[BlackElo "2094"]
[PlyCount "26"]
[EventDate "1999.??.??"]

1. e4 Nf6 2. e5 Nd5 3. d4 d6 4. Nf3 Bg4 5. c4 Nb6 6. exd6 cxd6 7. Be2 g6 8. O-O
Bg7 9. h3 Bxf3 10. Bxf3 Nc6 11. Na3 O-O 12. Be3 d5 13. cxd5 13... Nc8 {
HaraldLdahl resigns} 1-0

[Event "ICS rated blitz match"]
[Site "204.178.125.65"]
[Date "1999.09.14"]
[Round "?"]
[White "Hossa"]
[Black "HaraldLdahl"]
[Result "1-0"]
[WhiteElo "2361"]
[BlackElo "2042"]
[PlyCount "53"]
[EventDate "1999.??.??"]

1. e4 Nf6 2. e5 Nd5 3. d4 d6 4. Nf3 Bg4 5. c4 Nb6 6. exd6 cxd6 7. Be2 g6 8. O-O
Bg7 9. h3 Bxf3 10. Bxf3 Nc6 11. Na3 O-O 12. Be3 d5 13. cxd5 Nxd5 14. Qb3 Nxe3
15. fxe3 Nxd4 16. exd4 Qxd4+ 17. Rf2 Qh4 18. Nc2 Rac8 19. Bxb7 Rb8 20. Rd1 Be5
21. Rf3 Bd6 22. Rdf1 e6 23. Qb5 Qe7 24. Rb3 Bc7 25. Kh1 Qd6 26. g3 h5 27. Qc4 {
HaraldLdahl resigns} 1-0

[Event "ICS rated blitz match"]
[Site "204.178.125.65"]
[Date "1999.09.14"]
[Round "?"]
[White "Hossa"]
[Black "HaraldLdahl"]
[Result "1-0"]
[WhiteElo "2369"]
[BlackElo "2014"]
[PlyCount "55"]
[EventDate "1999.??.??"]

1. e4 Nf6 2. e5 Nd5 3. d4 d6 4. Nf3 Bg4 5. c4 Nb6 6. exd6 cxd6 7. Be2 g6 8. O-O
Bg7 9. h3 Bxf3 10. Bxf3 Nc6 11. Na3 O-O 12. Be3 d5 13. cxd5 Nxd5 14. Qb3 Nxe3
15. fxe3 Qb6 16. Qxb6 axb6 17. Nc2 e5 18. d5 Ne7 19. d6 Nc6 20. Be4 Rfd8 21.
Rfd1 Rd7 22. Na3 f5 23. Bd5+ Kf8 24. Nc4 Rad8 25. Be6 Na5 26. Bxd7 Nxc4 27. Be6
Rxd6 28. Bxc4 {HaraldLdahl resigns} 1-0

[Event "ICS rated blitz match"]
[Site "204.178.125.65"]
[Date "1999.08.30"]
[Round "?"]
[White "Hossa"]
[Black "Hartge"]
[Result "1-0"]
[WhiteElo "2482"]
[BlackElo "2396"]
[PlyCount "75"]
[EventDate "1999.??.??"]

1. d4 f5 2. e4 fxe4 3. Nc3 g6 4. Nxe4 d5 5. Ng3 Bg7 6. Bg5 c5 7. c3 Qb6 8. N1e2
Qxb2 9. a4 Nd7 10. Rb1 Qa2 11. Nf4 Nb6 12. Bb5+ Kf8 13. O-O cxd4 14. cxd4 Nf6
15. Re1 Bg4 16. f3 Bd7 17. Bxd7 Nfxd7 18. Ne6+ Kg8 19. Nxg7 h6 20. Rxe7 hxg5
21. Qe1 Rh7 22. Qe6+ Kh8 23. Qxg6 Nf8 24. Qf5 Nxa4 25. Rbe1 Qd2 26. Qf6 Qxe1+
27. Rxe1 Nd7 28. Qxg5 Rxg7 29. Qh5+ Rh7 30. Re8+ Nf8 31. Qe5+ Kg8 32. Qxd5+ Kg7
33. Qg5+ Ng6 34. Re7+ Kf8 35. Qf6+ Kg8 36. Qxg6+ Kf8 37. Qxh7 Nc3 38. Qg7# {
Hartge checkmated} 1-0

[Event "ICS rated blitz match"]
[Site "204.178.125.65"]
[Date "1999.09.06"]
[Round "?"]
[White "Hossa"]
[Black "Hartge"]
[Result "1-0"]
[WhiteElo "2432"]
[BlackElo "2462"]
[PlyCount "147"]
[EventDate "1999.??.??"]

1. e4 d5 2. exd5 Qxd5 3. Nc3 Qa5 4. Nf3 Nc6 5. d4 e6 6. Bd3 Nb4 7. Ne5 Nxd3+ 8.
Nxd3 Nf6 9. O-O Bd6 10. Bf4 Bxf4 11. Nxf4 Qb4 12. Qd3 O-O 13. Nb5 c6 14. Na3
Rd8 15. Ne2 c5 16. Qc3 b6 17. Qxb4 cxb4 18. Nb1 Ba6 19. Re1 Bxe2 20. Rxe2 Rxd4
21. Nd2 Rad8 22. Nf3 R4d5 23. Rae1 Ra5 24. Ra1 h6 25. Ne1 Kf8 26. f3 a6 27. g3
Ke8 28. Kg2 Rd6 29. h4 Ke7 30. f4 Rad5 31. Nd3 a5 32. Rd1 a4 33. Kf3 a3 34. Rb1
b3 35. axb3 Rxd3+ 36. cxd3 Rxd3+ 37. Re3 Rxe3+ 38. Kxe3 Nd5+ 39. Kd4 axb2 40.
Rxb2 Kd6 41. Rd2 b5 42. Ra2 Nb4 43. Rf2 Nc6+ 44. Kc3 Kc5 45. Rc2 f6 46. h5 f5
47. Re2 b4+ 48. Kb2 Kd5 49. Rc2 e5 50. fxe5 Nxe5 51. Rc8 f4 52. Rd8+ Ke4 53.
gxf4 Nd3+ 54. Kc2 Nxf4 55. Rb8 Nxh5 56. Rxb4+ Kf3 57. Rb7 Kg4 58. b4 g6 59. b5
Nf4 60. Rd7 Ne6 61. Rd6 Nc5 62. Rxg6+ Kh5 63. Rc6 Nb7 64. b6 Nd8 65. Rd6 Nb7
66. Rd7 Nc5 67. Rd5+ Kg6 68. Rxc5 Kf7 69. b7 h5 70. Rxh5 Ke7 71. b8=Q Kf6 72.
Qe8 Kg7 73. Qe7+ Kg8 74. Qd7 {Hartge resigns} 1-0

[Event "ICS rated blitz match"]
[Site "204.178.125.65"]
[Date "1999.09.30"]
[Round "?"]
[White "Hossa"]
[Black "IUROSAMAD"]
[Result "0-1"]
[WhiteElo "2469"]
[BlackElo "2204"]
[Annotator "Fritz 5.32 (20s)"]
[PlyCount "57"]
[EventDate "1999.??.??"]

1. e4 d5 2. exd5 Nf6 3. Bb5+ Bd7 4. Bxd7+ Qxd7 5. Ne2 $146 (5. c4 c6 6. d4 (6.
dxc6 Nxc6 7. Nf3 Qd3 8. Qe2 Nb4 9. Na3 e6 10. Ne5 Qxe2+ 11. Kxe2 Bd6 12. d4
Bxe5 13. dxe5 Nd7 14. f4 Nc5 15. Rd1 Ke7 16. Be3 b6 17. Bxc5+ bxc5 18. Nb5 Nc2
19. Rac1 Nb4 20. a3 20... Nc6 {Reissmann,P-Philippe,G/Moscow 1956/MCD/1-0 (39)}
) 6... cxd5 7. c5 Nc6 8. Nf3 g6 9. Nc3 Bg7 10. O-O O-O 11. Re1 Rad8 12. Bf4 Nh5
13. Ne5 Nxe5 14. Bxe5 f6 15. Bg3 Nxg3 16. fxg3 e5 17. Ne2 Qb5 18. Qc2 e4 19.
Nc3 Qc4 20. Rad1 f5 21. Qa4 Qxa4 22. Nxa4 f4 23. gxf4 Rxf4 24. Nc3 e3 25. Ne2
Re4 26. Rd3 Bh6 27. b4 Bg7 28. b5 Rf8 29. c6 bxc6 30. bxc6 Rc8 31. Rc1 Kf7 32.
Rb3 Bxd4 33. Nxd4 Rxd4 34. Rxe3 Rc4 35. Rf1+ Kg7 36. Re7+ Kh6 37. Rxa7 R8xc6
38. Rd7 Ra6 39. Rf2 39... Rc1+ {
Garcia,J-Asensio Soto,F/Once 1993/EXT 98/ - (53)}) (5. Nf3 Nxd5 6. d4 6... c5
$11) (5. Nc3 Nxd5 6. Nxd5 Qxd5 7. Qf3 e6 8. Qxd5 exd5 9. d4 Bd6 10. Ne2 Nc6 11.
c3 Kd7 12. Be3 12... Rae8 {- Felcir,J-Bochnicka,V/SVK-chT 9697 1997/EXT 98 (12)
}) 5... Qxd5 6. O-O Nc6 7. Nbc3 Qh5 8. d3 {Befestigt e4} 8... O-O-O 9. Re1 9...
e6 {Staerkt d5} 10. Bf4 10... g5 {Schwarz haelt das Heft fest in der Hand} 11.
Bg3 Qg6 12. Nc1 h5 13. Nb3 $17 (13. Be5 13... h4 $15) 13... h4 {
Schwarz engt den Gegner ein} 14. Be5 Nxe5 15. Rxe5 Bd6 16. Re3 g4 17. Nb5 $17 (
17. Qe1 $5 $15) 17... g3 $15 (17... Bf4 $5 $142 18. Qe1 Bxe3 19. Qxe3 19... a6
$19) 18. fxg3 {Ueberdeckt f4} (18. Nxa7+ $2 {wird widerlegt durch} 18... Kb8
19. Nb5 gxf2+ (19... gxh2+ $6 20. Kh1 $17) 20. Kh1 20... Bxh2 $19) 18... Ng4
19. Re4 ({Schlechter scheint} 19. Nxa7+ 19... Kb8 20. Qe2 20... Kxa7 $19) 19...
Nxh2 20. Kxh2 $4 $19 (20. Nxd6+ $142 {war der letzte Versuch} 20... Rxd6 21.
Rxh4 (21. Kxh2 $4 {Weiss muss den Springer stehen lassen} 21... hxg3+ 22. Kg1
Qh6 23. Qh5 Qxh5 24. Kf1 Qf5+ 25. Rf4 Qxf4+ 26. Ke2 Qf2+ 27. Kd1 Rh1#) 21...
Rxh4 22. gxh4 $15) 20... hxg3+ 21. Kg1 21... Rh1+ $18 (21... Qh6 22. Nxa7+ Kd7
23. Qh5 Qxh5 24. Nc5+ Bxc5+ 25. Kf1 Qf5+ 26. Rf4 Qxf4+ 27. Ke2 Qe3+ 28. Kd1
Rh1#) 22. Kxh1 Qh6+ 23. Qh5 Qxh5+ 24. Kg1 Qxb5 (24... Rh8 25. Nxd6+ cxd6 26.
Rc4+ Kd8 27. Rc8+ Kxc8 28. Kf1 Qf5+ 29. Ke2 Qf2+ 30. Kd1 Rh1#) 25. Rh4 Qb6+ (
25... Qe5 {und Schwarz haette es noch leichter} 26. d4 Qg7 27. Rf1 $19) 26. d4
Qc6 (26... c5 $5 {gibt noch groesseren Vorteil} 27. Rf1 cxd4 28. Kh1 $19) 27.
c3 Qd5 28. Rf1 28... Qg5 {Droht Matt: Qxh4} 29. Rh7 (29. Rh3 {
die letzte Gegenchance} 29... Qe3+ 30. Kh1 $19) 0-1

[Event "ICS rated blitz match"]
[Site "204.178.125.65"]
[Date "1999.09.14"]
[Round "?"]
[White "Hossa"]
[Black "IgorBit"]
[Result "0-1"]
[WhiteElo "2374"]
[BlackElo "2414"]
[Annotator "Steffen A. Jakob"]
[PlyCount "116"]
[EventDate "1999.??.??"]

1. e4 d5 2. d4 dxe4 3. Nc3 Nf6 4. f3 e3 5. Bxe3 e6 6. Bd3 ({RR} 6. a3 6... Nbd7
7. Bd3 c5 8. Nge2 a6 9. Qd2 Be7 10. O-O O-O 11. Kh1 b5 12. Be4 Nxe4 13. Nxe4
Bb7 14. dxc5 Bxe4 15. fxe4 Nxc5 16. Qxd8 Rfxd8 17. Bxc5 Bxc5 18. Rad1 Kf8 19.
g3 Be3 20. Kg2 20... Ke7 {
Hartwig,M-Schulz,R/2.BLN9697 Anhalt-Neukoelln 1997/BL2-N/0-1 (62)}) 6... Bb4 ({
RR} 6... Be7 7. Nge2 Nbd7 8. O-O Nb6 9. Bf2 Bd7 10. Ne4 O-O 11. c4 Bc6 12. Kh1
Nbd7 13. Qc2 h6 14. Rac1 b6 15. Rfd1 Bb7 16. N2c3 c6 17. a3 Qc8 18. Qe2 Re8 19.
Bb1 Bf8 20. b4 a5 21. Qb2 axb4 22. axb4 Ra7 23. d5 Nxe4 24. Bxe4 c5 25. dxe6
Rxe6 26. Bf5 Re7 27. Nb5 Ra4 28. bxc5 Qa8 29. Nc7 Qa5 30. Bxd7 Ra2 31. Qxb6
Qxb6 32. cxb6 Ree2 33. Bg3 Rxg2 34. Nd5 g5 35. Ra1 Rac2 36. Ra7 Bxd5 37. cxd5
Bc5 38. Ra8+ Kg7 39. b7 Rcd2 40. b8=Q {
1-0 Meszaros,G-Letay,G/HUN-chT 1994/TD 94\03 (40)}) 7. Nge2 $146 ({RR} 7. Bg5
7... Nbd7 8. Nge2 c5 9. dxc5 Qa5 10. Bxf6 Nxf6 11. Bb5+ Qxb5 12. Qd2 Qxc5 13.
O-O-O O-O 14. g4 Nd5 15. Kb1 b6 16. Qd3 Bxc3 17. bxc3 a5 18. Ng3 Nxc3+ 19. Kb2
Nxd1+ 20. Rxd1 Ba6 21. Qe4 Rac8 22. Rd4 Qc3+ 23. Kb1 Rfd8 24. Nh5 Qxd4 25. Nf6+
Qxf6 26. c4 Rxc4 27. Qa8 Rb4+ 28. Kc2 28... Qb2# {
0-1 Boehle,R-Czech,L/Bruchkoebel MVT 1993/GER 03 (28)}) 7... O-O 8. O-O c6 9.
Ne4 (9. a3 Bxc3 (9... Bd6 10. Bg5 $16) 10. bxc3 $16) 9... Nbd7 10. c3 Be7 11.
Nxf6+ Nxf6 12. Qc2 h6 13. Rfe1 Bd6 14. Rad1 Qc7 15. f4 Ng4 16. Bd2 Bd7 17. c4
c5 18. d5 exd5 19. cxd5 c4 20. Bh7+ Kh8 21. Bc3 Ne3 22. Bxg7+ Kxg7 23. Qc3+
Kxh7 24. Qxe3 Rae8 25. Qd2 Bg4 26. h3 Bxe2 27. Rxe2 Rxe2 28. Qxe2 Bc5+ 29. Kh2
Qxf4+ 30. g3 Qf2+ 31. Qxf2 Bxf2 32. Kg2 Bc5 33. d6 Rd8 34. d7 Kg7 35. Kh2 Kf8
36. Rd5 b6 37. b3 c3 38. Rd3 Bb4 39. Rd4 a5 40. a4 Ke7 41. Rc4 Rxd7 42. Kg2
Rd2+ 43. Kf3 c2 44. Ke3 Rg2 45. Kf3 Rh2 46. Re4+ Kf8 47. Rc4 Ba3 48. h4 c1=Q
49. Rxc1 Bxc1 50. Kg4 Kg7 51. h5 Kf6 52. Kf3 Ke5 53. b4 axb4 54. g4 b3 55. a5
b2 56. axb6 b1=Q 57. Kg3 Bf4+ 58. Kf3 58... Qd1# {Hossa checkmated} 0-1

[Event "ICS rated blitz match"]
[Site "204.178.125.65"]
[Date "1999.10.13"]
[Round "?"]
[White "Hossa"]
[Black "IlDivino"]
[Result "1-0"]
[WhiteElo "2401"]
[BlackElo "2130"]
[PlyCount "101"]
[EventDate "1999.??.??"]

1. e4 Nc6 2. Nf3 e5 3. Bb5 a6 4. Bxc6 dxc6 5. Nc3 Bg4 6. h3 Bxf3 7. gxf3 g6 8.
d3 Bg7 9. f4 exf4 10. Bxf4 Nf6 11. Qd2 Qd7 12. O-O-O O-O-O 13. d4 Nh5 14. Bg5
Rde8 15. Kb1 h6 16. Be3 f5 17. e5 g5 18. Qe2 Qf7 19. Na4 f4 20. Qf3 Rhf8 21.
Qg4+ Kb8 22. Bc1 Bh8 23. Nc5 Ka7 24. h4 Ng7 25. hxg5 hxg5 26. Qxg5 Ne6 27. Nxe6
Rxe6 28. Bxf4 Rg6 29. Qh5 Bg7 30. Bg3 Qe6 31. Rde1 Rf5 32. Qe2 Bf8 33. Qe4 Rfg5
34. Bf4 Rg4 35. f3 Rg2 36. Qe3 Qc4 37. Qb3 Qxb3 38. axb3 Rf2 39. Ref1 Rgg2 40.
Rxf2 Rxf2 41. Rh3 Bb4 42. c3 Be7 43. Ka2 c5 44. d5 b5 45. d6 cxd6 46. exd6 Bd8
47. Be3 Re2 48. Bxc5+ Kb7 49. b4 Kc6 50. Rh8 Re8 51. Rxe8 {IlDivino resigns}
1-0

[Event "ICS rated blitz match"]
[Site "204.178.125.65"]
[Date "1999.10.10"]
[Round "?"]
[White "Hossa"]
[Black "Isfen"]
[Result "1-0"]
[WhiteElo "2443"]
[BlackElo "2333"]
[PlyCount "127"]
[EventDate "1999.??.??"]

1. d4 d5 2. Nf3 e6 3. e3 Nf6 4. Bd3 Be7 5. O-O O-O 6. b3 c6 7. Ba3 Nfd7 8. Bxe7
Qxe7 9. Re1 f5 10. c4 Nf6 11. Nc3 Ne4 12. Rc1 Bd7 13. Qc2 Be8 14. cxd5 exd5 15.
Qb2 Nd7 16. Na4 Bh5 17. Ne5 Rae8 18. Nxd7 Qxd7 19. b4 a6 20. Nc5 Qf7 21. f3 Nd6
22. Qf2 Re7 23. Qh4 Bg6 24. a4 Rfe8 25. Qf4 Qf6 26. Re2 h6 27. Nxa6 bxa6 28.
Rxc6 Re6 29. Rc5 Nc4 30. Rxc4 dxc4 31. Bxc4 Kh8 32. Bxe6 Qxe6 33. g4 fxg4 34.
Qxg4 Bd3 35. Qxe6 Rxe6 36. Rd2 Bc4 37. e4 g5 38. Rc2 Bb3 39. Rc8+ Kg7 40. a5 g4
41. Rc7+ Kg6 42. d5 Re8 43. Rc6+ Kg5 44. Kg2 gxf3+ 45. Kxf3 Bd1+ 46. Ke3 Rb8
47. Rxa6 Rxb4 48. Rb6 Ra4 49. a6 Bc2 50. e5 Re4+ 51. Kd2 Rxe5 52. a7 Rxd5+ 53.
Kxc2 Ra5 54. Rb5+ Rxb5 55. a8=Q Rf5 56. Qg8+ Kf4 57. Qg3+ Ke4 58. Qh4+ Rf4 59.
Qxh6 Kf3 60. Kd3 Rg4 61. Qe3+ Kg2 62. Qe2+ Kh3 63. Qe6 Kh4 64. Qh6# {
Isfen checkmated} 1-0

[Event "ICS rated blitz match"]
[Site "204.178.125.65"]
[Date "1999.09.12"]
[Round "?"]
[White "Hossa"]
[Black "Isfen"]
[Result "1-0"]
[WhiteElo "2472"]
[BlackElo "2214"]
[PlyCount "91"]
[EventDate "1999.??.??"]

1. e4 e6 2. d4 d6 3. Bd3 Be7 4. Ne2 a6 5. O-O Nd7 6. c3 c5 7. Be3 Ngf6 8. Nd2
Qc7 9. Rc1 b6 10. Nf3 Bb7 11. Ng3 h5 12. Bg5 Qd8 13. b4 Rc8 14. bxc5 bxc5 15.
Qa4 c4 16. Bxf6 Bxf6 17. Bxc4 h4 18. Nh1 h3 19. Ng3 hxg2 20. Kxg2 Ke7 21. Bd3
Qc7 22. Bxa6 Ra8 23. Qc4 Qb6 24. Bxb7 Qxb7 25. Kh1 Nb6 26. Qb3 Qc6 27. Rfe1 Nc4
28. d5 Qc5 29. Qb7+ Ke8 30. Qxa8+ Bd8 31. Qc6+ Qxc6 32. dxc6 Na5 33. Red1 Bc7
34. Nd4 Ke7 35. Rb1 Ra8 36. Nb5 Kd8 37. Nxd6 Bxd6 38. Rxd6+ Kc7 39. Rd7+ Kxc6
40. Rxf7 Nc4 41. Rbb7 Rxa2 42. Rfc7+ Kd6 43. Rxc4 Ke5 44. Kg2 Kf4 45. Rxg7 e5
46. Nh5# {Isfen checkmated} 1-0

[Event "ICS rated blitz match"]
[Site "204.178.125.65"]
[Date "1999.10.12"]
[Round "?"]
[White "Hossa"]
[Black "Isfen"]
[Result "1-0"]
[WhiteElo "2411"]
[BlackElo "2290"]
[PlyCount "125"]
[EventDate "1999.??.??"]

1. e4 e5 2. Nf3 d6 3. d4 Nd7 4. Bc4 c6 5. O-O Be7 6. Be3 Ngf6 7. Nbd2 O-O 8. c3
b5 9. Bd3 Bb7 10. Ng5 h6 11. Ngf3 a6 12. Qb3 c5 13. dxe5 dxe5 14. c4 b4 15. a3
a5 16. axb4 axb4 17. Rfd1 Qc7 18. Ra4 Bc6 19. Ra2 Rxa2 20. Qxa2 Ra8 21. Qb1 Nb6
22. Nb3 Ba4 23. Qc2 Kh7 24. Nh4 Nbd7 25. Nf5 Nb8 26. Nxe7 Qxe7 27. Bxc5 Bxb3
28. Bxe7 Bxc2 29. Bxc2 Ra2 30. Rb1 Nc6 31. Bxf6 gxf6 32. Bb3 Ra8 33. Bd1 Nd4
34. h4 Ra2 35. g4 Kg7 36. Kg2 Kf8 37. Kg3 Ke7 38. b3 Rd2 39. Kg2 Kd6 40. Kf1
Kc5 41. Ke1 Rd3 42. h5 Ne6 43. Ke2 Nf4+ 44. Kf1 Kd4 45. f3 Kc3 46. Kg1 Rd2 47.
c5 Ne6 48. c6 Rd6 49. Kf2 Nd4 50. c7 Rc6 51. Rc1+ Kd2 52. Rxc6 Nxc6 53. c8=Q
Nd4 54. Qc5 f5 55. Qxe5 Kc3 56. Qc5+ Kd3 57. Qc4+ Kd2 58. Qxd4+ Kc1 59. Ke2 Kb1
60. Kd2 f6 61. Bc2+ Ka2 62. exf5 Ka3 63. Qa1# {Isfen checkmated} 1-0

[Event "ICS rated blitz match"]
[Site "204.178.125.65"]
[Date "1999.10.06"]
[Round "?"]
[White "Hossa"]
[Black "Isfen"]
[Result "1-0"]
[WhiteElo "2526"]
[BlackElo "2305"]
[PlyCount "83"]
[EventDate "1999.??.??"]

1. d4 d5 2. c4 c6 3. Nc3 e6 4. e4 Nf6 5. e5 Nfd7 6. Nf3 a6 7. cxd5 cxd5 8. Bg5
Be7 9. Bxe7 Qxe7 10. Bd3 Nc6 11. O-O h6 12. Bc2 Nb4 13. Rc1 Nxc2 14. Rxc2 O-O
15. Qe2 Re8 16. Rfc1 Nf8 17. Na4 Bd7 18. Nb6 Rab8 19. Rc7 Qd8 20. Nxd7 Nxd7 21.
Qe1 Nb6 22. Qb4 Nc4 23. Rxb7 Rxb7 24. Qxb7 Qa5 25. b3 Na3 26. Rc5 Qd8 27. Qxa6
Qa8 28. Qxa8 Rxa8 29. Kf1 Nb1 30. Rc1 Na3 31. Ke2 Nb5 32. a4 Na7 33. b4 Rb8 34.
Rc7 Nc8 35. a5 Kf8 36. b5 Ne7 37. b6 Ke8 38. Kd2 Kd8 39. Kc3 Nf5 40. Rxf7 g5
41. Rf8+ Kd7 42. Rxb8 {Isfen resigns} 1-0